[Event "Foment Martinenc op-C 22nd"]
[Site "Barcelona"]
[Date "2022.05.14"]
[Round "4"]
[White "Lopez Milan, David"]
[Black "Micha Massisimo, Samuel"]
[Result "0-1"]
[WhiteElo "1764"]
[BlackElo "1700"]
[PlyCount "78"]
[EventDate "2022.04.23"]
[EventType "swiss"]
[EventRounds "9"]
[EventCountry "ESP"]
[SourceTitle "EXT 2023"]
[Source "ChessBase"]
[SourceDate "2022.10.05"]
[SourceVersion "1"]
[SourceVersionDate "2022.10.05"]
[SourceQuality "1"]

1. d4 d5 2. c4 e5 3. dxe5 d4 4. Nf3 Nc6 5. a3 g6 6. e3 Bg4 7. h3 Bxf3 8. Qxf3 Qe7 9. b4 0-0-0 10. Qg4+ Kb8 11. f4 f6 12. exf6 Nxf6 13. Qf3 Bg7 14. g3 dxe3 15. Bg2 e2 16. Bd2 Rhe8 17. Ra2 Qe6 18. Rc2 Qe4 19. Qxe4 Nxe4 20. Bxe4 Rxe4 21. Nc3 Rxc4 22. Kxe2 Nd4+ 23. Kd1 Nxc2 24. Kxc2 Rxd2+ 25. Kxd2 Bxc3+ 26. Kd3 Rc6 27. b5 Rc5 28. Rc1 Bb4 29. Rb1 Bxa3 30. Rb3 Bc1 31. Rb1 Bxf4 32. gxf4 Rh5 33. Re1 Rxh3+ 34. Kc4 b6 35. Re6 Rh4 36. Rf6 g5 37. Kd5 Rxf4 38. Rh6 Rf7 39. Ke6 Rg7 0-1

[Event "Foment Martinenc op-C 22nd"]
[Site "Barcelona"]
[Date "2022.04.30"]
[Round "2"]
[White "Lopez Milan, David"]
[Black "Serrahima Marine, Jordi"]
[Result "1-0"]
[WhiteElo "1764"]
[BlackElo "1675"]
[PlyCount "109"]
[EventDate "2022.04.23"]
[EventType "swiss"]
[EventRounds "9"]
[EventCountry "ESP"]
[SourceTitle "EXT 2023"]
[Source "ChessBase"]
[SourceDate "2022.10.05"]
[SourceVersion "1"]
[SourceVersionDate "2022.10.05"]
[SourceQuality "1"]

1. e4 e5 2. Nc3 Nc6 3. Bc4 Bc5 4. Qg4 Nb4 5. Qxg7 Qf6 6. Qxf6 Nxf6 7. Bb3 Ng4 8. Nd1 d6 9. d3 Be6 10. Ba4+ c6 11. a3 Na6 12. b4 Bb6 13. h3 Nf6 14. Be3 Rg8 15. g3 d5 16. b5 Bxe3 17. bxc6 b5 18. Bxb5 Nc7 19. Ba4 Bb6 20. exd5 Bxd5 21. Rh2 Ke7 22. c4 Be6 23. Rc1 Nh5 24. Ne2 Rad8 25. Nb2 Na6 26. g4 Nf6 27. Nc3 Ba5 28. f3 Nc5 29. Ke2 Bxc3 30. Rxc3 Kd6 31. Ke3 Rb8 32. Bd1 Kxc6 33. f4 e4 34. d4 Rxb2 35. Rxb2 Na4 36. Bxa4+ Kc7 37. f5 Bc8 38. Kf4 Kd6 39. Rb8 h6 40. Rc1 Nd7 41. Bxd7 Kxd7 42. Rcb1 Re8 43. Ke3 a6 44. R1b6 Rh8 45. Kxe4 h5 46. g5 Kc7 47. Kf4 Rd8 48. d5 h4 49. a4 a5 50. d6+ Kd7 51. c5 Re8 52. Ra8 Rd8 53. Rbb8 f6 54. g6 Re8 55. Rxc8 1-0